000 00469nam a22001697a 4500
005 20241004100652.0
008 241004b |||||||| |||| 00| 0 eng d
020 _a9789332553623
082 _a692.5
_bHOL-C
100 _aHolm Arnold L.
245 _aConstruction Cost Estimating Process and Practices /
_cHolm Arnold L., John Schaufelberger
260 _aUSA:
_bPearson
_c2017
300 _a354p.
_bill;
_c23cm
650 _aEngineering
999 _c36633
_d36633